Agents Of SHIELD - Statistics

General Stats
  • This quiz has been taken 390 times
    388 since last reset
  • The average score is 5 of 15
Answer Stats
Hint Answer % Correct
What is the name of Phil's car Lola
94%
Who dumps Fitz and Simmons into the ocean Grant Ward
89%
True or False: Deathlok was never associated with Hydra False
87%
Who shots Skye twice Ian Quinn
63%
Who jumps off the bus Simmons
56%
Who was Skye originally working for The Rising Tide
53%
What name does Skye say on the wall of valour Bucky Barnes
24%
Who wears flower dresses Reina
17%
What is the name of the agent John Garrett used to work with Antoine Triplett
13%
What episode does Maria Hill star in after Hydra is come to light Nothing Personal
12%
What episode is Ward and Garrett seen together, after we find out there Hydra Providence
10%
What Asgardian characters feature in the episode Yes Men (1x15) Lady Sif and Lorelei
9%
What episode happens with the events of Captain America: The Winter Solider End Of The Beginning
7%
What kills Garrett in The Beginning Of The End (1x22) The 0-8-4 Artifact
0%
What does T.A.H.I.T.I stand for The Ailen Hidden In The Incubator
0%
No matching quizzes found
Score Distribution
Percent of People with Each Score
Percentile by Number Answered
Your Score History
You have not taken this quiz since the last reset